| 000 | 00538nam a2200193Ia 4500 | ||
|---|---|---|---|
| 005 | 20250508161503.0 | ||
| 008 | 008 250505s9999 xx 000 0 eng d | ||
| 037 | _aTextual | ||
| 040 |
_aFEDL _beng _cFEDL |
||
| 041 |
_aeng _2eng |
||
| 084 |
_a531, KAP _qFEDL |
||
| 100 | _aKapur J N | ||
| 245 | 0 | _aMechanics-I: A text book for TDC-I and pre-engg.class | |
| 260 |
_aDelhi, India _bR Chand and Co _c1971 |
||
| 300 | _aviii,88p | ||
| 700 |
_a Gupta J D _9770795 |
||
| 942 |
_cTEXL _h531, KAP |
||
| 999 |
_c1370260 _d1370260 |
||